Business and the State in Africa: Economic Policy-Making in the Neo- Liberal Era. (Record no. 658)

MARC details
005 - DATE AND TIME OF LATEST TRANSACTION
control field 20250314151835.0
020 ## - INTERNATIONAL STANDARD BOOK NUMBER
International Standard Book Number 978-0-521-71371-9
082 ## - DEWEY DECIMAL CLASSIFICATION NUMBER
Classification number 338.96 HAN
100 ## - MAIN ENTRY--PERSONAL NAME
Author name HANDLEY,A.
245 ## - TITLE STATEMENT
Title Business and the State in Africa: Economic Policy-Making in the Neo- Liberal Era.
260 ## - PUBLICATION, DISTRIBUTION, ETC.
Place of publication, distribution, etc. New York,
Name of publisher, distributor, etc. Cambridge University Press,
Date of publication, distribution, etc. 2008.
300 ## - PHYSICAL DESCRIPTION
Extent xii,292p.:Ill.;figures, table.
Other physical details Bibliography, Index.
Dimensions 23cm.
942 ## - ADDED ENTRY ELEMENTS (KOHA)
Source of classification or shelving scheme Dewey Decimal Classification
Koha item type Books
Holdings
Date last seen Total checkouts Full call number Barcode Cost, replacement price Price effective from Koha item type Lost status Source of classification or shelving scheme Damaged status Not for loan Withdrawn status Home library Current library Shelving location Date acquired Cost, normal purchase price
03/14/2025   338.96 HAN 0000002630 150600.00 03/14/2025 Books   Dewey Decimal Classification       College of Business Education Main Library College of Business Education Main Library General Collection 03/14/2025 50200.00
03/14/2025   338.96 HAN 0000002631 150600.00 03/14/2025 Books   Dewey Decimal Classification       College of Business Education Main Library College of Business Education Main Library General Collection 03/14/2025 50200.00
03/14/2025   338.96 HAN 0000002632 150600.00 03/14/2025 Books   Dewey Decimal Classification       College of Business Education Main Library College of Business Education Main Library General Collection 03/14/2025 50200.00